<?xml version="1.0" encoding="UTF-8"?>
<record
    xmlns:xsi="http://www.w3.org/2001/XMLSchema-instance"
    xsi:schemaLocation="http://www.loc.gov/MARC21/slim http://www.loc.gov/standards/marcxml/schema/MARC21slim.xsd"
    xmlns="http://www.loc.gov/MARC21/slim">

  <leader>04587nam a2200361   4500</leader>
  <controlfield tag="003">OSt</controlfield>
  <controlfield tag="005">20260514094453.0</controlfield>
  <controlfield tag="008">260514b        |||||||| |||| 00| 0 aze d</controlfield>
  <datafield tag="020" ind1=" " ind2=" ">
    <subfield code="a">9952290284</subfield>
  </datafield>
  <datafield tag="040" ind1=" " ind2=" ">
    <subfield code="a">AZ-XaKU</subfield>
    <subfield code="b">aze</subfield>
    <subfield code="c">AZ-XaKU</subfield>
  </datafield>
  <datafield tag="041" ind1="0" ind2=" ">
    <subfield code="a">aze</subfield>
  </datafield>
  <datafield tag="050" ind1="1" ind2="4">
    <subfield code="a">HF5667 .Ab194 2013</subfield>
  </datafield>
  <datafield tag="100" ind1="1" ind2=" ">
    <subfield code="a">Abbasov, &#x130;bad,</subfield>
    <subfield code="e">m&#xFC;&#x259;llif</subfield>
  </datafield>
  <datafield tag="245" ind1="1" ind2=" ">
    <subfield code="a">Audit</subfield>
    <subfield code="c">/ &#x130;bad Abbasov ; elmi redaktor A.K.&#x18F;l&#x259;sg&#x259;rov ; r&#x259;y&#xE7;il&#x259;r S.Y.M&#xFC;sl&#xFC;mov, S.S&#x259;bz&#x259;liyev, S.M.Yaqubov</subfield>
  </datafield>
  <datafield tag="264" ind1=" " ind2=" ">
    <subfield code="a">Bak&#x131;:</subfield>
    <subfield code="b">"Bak&#x131; Biznes Univeristeti N&#x259;&#x15F;riyyat&#x131;",</subfield>
    <subfield code="c">2013.</subfield>
  </datafield>
  <datafield tag="300" ind1=" " ind2=" ">
    <subfield code="a">544 s&#x259;hif&#x259; ; </subfield>
    <subfield code="b">c&#x259;dv&#x259;l,</subfield>
    <subfield code="c">25 sm.</subfield>
  </datafield>
  <datafield tag="336" ind1=" " ind2=" ">
    <subfield code="a">text</subfield>
    <subfield code="b">txt</subfield>
    <subfield code="2">rdacontent</subfield>
  </datafield>
  <datafield tag="337" ind1=" " ind2=" ">
    <subfield code="a">unmediated</subfield>
    <subfield code="b">n</subfield>
    <subfield code="2">rdamedia</subfield>
  </datafield>
  <datafield tag="338" ind1=" " ind2=" ">
    <subfield code="a">volume </subfield>
    <subfield code="b">nc</subfield>
    <subfield code="2">rdacarrier</subfield>
  </datafield>
  <datafield tag="500" ind1=" " ind2=" ">
    <subfield code="a">D&#x259;rslik Az&#x259;rbaycan Respublikas&#x131; T&#x259;hsil Nazirinin 15.12.2026-c&#x131; il tarixli 901 sayl&#x131; &#x259;mri il&#x259; t&#x259;sdiq edilmi&#x15F;dir.</subfield>
  </datafield>
  <datafield tag="504" ind1=" " ind2=" ">
    <subfield code="a">&#x18F;d&#x259;biyyat siyah&#x131;s&#x131;: s. 532-534</subfield>
  </datafield>
  <datafield tag="505" ind1="0" ind2=" ">
    <subfield code="a">Giri&#x15F; -- Birinci b&#xF6;lm&#x259;. Auditin n&#x259;z&#x259;ri &#x259;saslar&#x131; ; I F&#x259;sil. Auditin m&#x259;qs&#x259;d v&#x259; v&#x259;zif&#x259;l&#x259;ri -- II F&#x259;sil. Auditin predmeti v&#x259; metodu -- III F&#x259;sil. Auditin h&#xFC;quqi v&#x259; t&#x259;&#x15F;kilati &#x259;saslar&#x131; -- IV F&#x259;sil. Auditorun m&#x259;suliyy&#x259;ti v&#x259; pe&#x15F;&#x259; etikas&#x131; -- &#x130;kinci b&#xF6;lm&#x259;. Auditin t&#x259;&#x15F;kili v&#x259; &#xFC;mumi metedoloji m&#x259;s&#x259;l&#x259;l&#x259;ri ; V F&#x259;sil. Auditin standartlar&#x131; -- VI F&#x259;sil. Auditin t&#x259;&#x15F;kili prinsipl&#x259;ri -- VII F&#x259;sil. Audit yoxlama-ekspertiza i&#x15F;l&#x259;rinin planla&#x15F;d&#x131;r&#x131;lmas&#x131; -- VIII F&#x259;sil. Auditin d&#x259;lil-s&#xFC;butlar&#x131; -- IX F&#x259;sil. Audit-yoxlama n&#x259;tic&#x259;l&#x259;rinin qiym&#x259;tl&#x259;ndirilm&#x259;si v&#x259; yekun s&#x259;n&#x259;dl&#x259;rinin t&#x259;rtib edilm&#x259;si metodikas&#x131; -- &#xDC;&#xE7;&#xFC;nc&#xFC; b&#xF6;lm&#x259;. T&#x259;s&#x259;r&#xFC;ffat-maliyy&#x259; &#x259;m&#x259;liyyatlar&#x131; auditinin metodikas&#x131; ; X F&#x259;sil. Normativ s&#x259;n&#x259;dl&#x259;rin v&#x259; maliyy&#x259; hesabatlar&#x131;n&#x131;n &#xFC;mumi yoxlan&#x131;lmas&#x131; metodikas&#x131; -- XI F&#x259;sil. Pul v&#x259;saitl&#x259;ri v&#x259; onlar&#x131;n ekvivalentl&#x259;ri &#xFC;zr&#x259; &#x259;m&#x259;liyyatlar&#x131;n auditi -- XII F&#x259;sil. Qeyri-maddi aktivl&#x259;r &#xFC;zr&#x259; &#x259;m&#x259;liyyatlar&#x131;n auditi -- XIII F&#x259;sil. Torpaq, tikili v&#x259; avadanl&#x131;qlar&#x131;n (&#x259;sas v&#x259;saitl&#x259;rin) auditi -- XIV F&#x259;sil. Ehtiyatlar auditi -- XV F&#x259;sil. M&#x259;hsul istehsal&#x131;, sat&#x131;&#x15F;&#x131; v&#x259; onlara &#xE7;&#x259;kil&#x259;n m&#x259;sr&#x259;fl&#x259;rin auditi -- XVI F&#x259;sil. &#x18F;m&#x259;k haqq&#x131; v&#x259; &#x259;m&#x259;k &#xF6;d&#x259;m&#x259;l&#x259;ri &#xFC;zr&#x259; hesabla&#x15F;malar&#x131;n auditi -- XVII F&#x259;sil. Malsatanlar v&#x259; podrat&#xE7;&#x131;larla hesabla&#x15F;malar&#x131;n auditi -- XVIII F&#x259;sil. B&#xFC;dc&#x259; v&#x259; b&#xFC;dc&#x259;d&#x259;nk&#x259;nar fondlar &#xFC;zr&#x259; hesabla&#x15F;malar&#x131;n auditi -- XIX F&#x259;sil. T&#x259;ht&#x259;lhesab &#x15F;&#x259;xsl&#x259;rl&#x259; hesabla&#x15F;malar&#x131;n auditi -- XX F&#x259;sil. Hesabla&#x15F;malara dair dig&#x259;r &#x259;m&#x259;liyyatlar&#x131;n auditi -- XXI F&#x259;sil. Kredit v&#x259; ssuda &#x259;m&#x259;liyyatlar&#x131;n&#x131;n auditi -- XXII F&#x259;sil. Xarici iqtisadi f&#x259;aliyy&#x259;tin auditi -- D&#xF6;rd&#xFC;nc&#xFC; b&#xF6;lm&#x259;. Maliyy&#x259; n&#x259;tic&#x259;l&#x259;rinin auditi v&#x259; auditd&#x259; maliyy&#x259; t&#x259;hlilinin &#x259;sas prinsipl&#x259;ri ; XXIII F&#x259;sil. &#x130;nvestisiya qoyulu&#x15F;lar&#x131;n&#x131;n auditi -- XXIV F&#x259;sil. Maliyy&#x259; n&#x259;tic&#x259;l&#x259;rinin auditi -- Be&#x15F;inci b&#xF6;lm&#x259;. Sah&#x259;l&#x259;r auditi v&#x259; onlar&#x131;n spesifik x&#xFC;susiyy&#x259;tl&#x259;ri ; XXV F&#x259;sil. Auditd&#x259; maliyy&#x259; t&#x259;hlili -- XXVI F&#x259;sil. T&#x259;s&#x259;rr&#xFC;fatdaxili audit v&#x259; onun metodoloji aspektl&#x259;ri -- XXVII F&#x259;sil. Sah&#x259;l&#x259;r auditinin spesifik x&#xFC;susiyy&#x259;tl&#x259;ri.</subfield>
  </datafield>
  <datafield tag="520" ind1="0" ind2=" ">
    <subfield code="a">Audit xidm&#x259;t f&#x259;aliyy&#x259;ti olsa da, m&#xFC;st&#x259;qil yoxlama-ekspertiza funksiyas&#x131;n&#x131; yerin&#x259; yetirm&#x259;kl&#x259; d&#xF6;vl&#x259;tl&#x259; sahibkar aras&#x131;nda v&#x259; sahibkarla menecer aras&#x131;nda qarant rolu oynay&#x131;r. Bazar iqtisadiyyat&#x131; m&#xFC;nasib&#x259;tl&#x259;rin&#x259; ke&#xE7;id material, &#x259;m&#x259;k v&#x259; maliyy&#x259; resurslar&#x131;n&#x131;n s&#x259;f&#x259;rb&#x259;r edilm&#x259;si v&#x259; onlardan s&#x259;m&#x259;r&#x259;li istifad&#x259; olunmas&#x131;n&#x131; &#xF6;n plana &#xE7;&#x259;kir. Bu m&#x259;s&#x259;l&#x259;l&#x259;rin h&#x259;llind&#x259; dig&#x259;r idar&#x259;etm&#x259; elementl&#x259;ri il&#x259; yana&#x15F;&#x131; audit xidm&#x259;ti v&#x259; n&#x259;zar&#x259;tinin rolu b&#xF6;y&#xFC;kd&#xFC;r. Auditin bir iqtisadi kateqoriya kimi formala&#x15F;mas&#x131;nda onun n&#x259;z&#x259;ri v&#x259; praktiki aspektl&#x259;rin i&#x15F;l&#x259;nib haz&#x131;rlanmas&#x131;, t&#x259;dris edilm&#x259;si vacibdir. Bu bax&#x131;mdan d&#x259;rslik m&#xFC;h&#xFC;m &#x259;h&#x259;miyy&#x259;t k&#x259;sb edir.  
D&#x259;rslikd&#x259; auditin n&#x259;z&#x259;ri, t&#x259;&#x15F;kilati-praktiki, metodoloji prinsipl&#x259;ri &#x15F;&#x259;rh edilm&#x259;kl&#x259; yana&#x15F;&#x131;, ilk d&#x259;f&#x259; olaraq auditd&#x259; maliyy&#x259; t&#x259;hlilinin metodikas&#x131; v&#x259; sah&#x259;l&#x259;r auditinin t&#x259;&#x15F;kilinin spesifik x&#xFC;susiyy&#x259;tl&#x259;ri verilmi&#x15F;dir. </subfield>
  </datafield>
  <datafield tag="521" ind1=" " ind2=" ">
    <subfield code="a">D&#x259;rslik iqtisady&#xF6;n&#xFC;ml&#xFC; ixtisaslar &#xFC;zr&#x259; t&#x259;hsil alan t&#x259;l&#x259;b&#x259;l&#x259;r, magistrl&#x259;r, aspirantlar, m&#xFC;&#x259;lliml&#x259;r, m&#xFC;hasibl&#x259;r, iqtisad&#xE7;&#x131;lar, auditorlar v&#x259; maliyy&#x259;, vergi sistemind&#x259; &#xE7;al&#x131;&#x15F;anlar &#xFC;&#xE7;&#xFC;n n&#x259;z&#x259;rd&#x259; tutulmu&#x15F;dur.</subfield>
  </datafield>
  <datafield tag="650" ind1=" " ind2="7">
    <subfield code="a">&#x130;qtisadiyyat</subfield>
    <subfield code="2">AZ-XaKU</subfield>
  </datafield>
  <datafield tag="655" ind1=" " ind2=" ">
    <subfield code="2">AZ-XaKU</subfield>
    <subfield code="a">d&#x259;rslik</subfield>
  </datafield>
  <datafield tag="700" ind1="1" ind2=" ">
    <subfield code="a">&#x18F;l&#x259;sg&#x259;rov, A.K.,</subfield>
    <subfield code="e">elmi redaktor.</subfield>
  </datafield>
  <datafield tag="700" ind1="1" ind2=" ">
    <subfield code="a">M&#xFC;sl&#xFC;mov, S.Y.,</subfield>
    <subfield code="e">r&#x259;y&#xE7;i.</subfield>
  </datafield>
  <datafield tag="700" ind1="1" ind2=" ">
    <subfield code="a">S&#x259;bz&#x259;liyev, S.,</subfield>
    <subfield code="e">r&#x259;y&#xE7;i.</subfield>
  </datafield>
  <datafield tag="700" ind1="1" ind2=" ">
    <subfield code="a">Yaqubov, S.M.,</subfield>
    <subfield code="e">r&#x259;y&#xE7;i.</subfield>
  </datafield>
  <datafield tag="942" ind1=" " ind2=" ">
    <subfield code="c">BOOK</subfield>
  </datafield>
  <datafield tag="999" ind1=" " ind2=" ">
    <subfield code="c">473</subfield>
    <subfield code="d">473</subfield>
  </datafield>
  <datafield tag="952" ind1=" " ind2=" ">
    <subfield code="0">0</subfield>
    <subfield code="1">0</subfield>
    <subfield code="2">lcc</subfield>
    <subfield code="4">0</subfield>
    <subfield code="7">0</subfield>
    <subfield code="8">GC</subfield>
    <subfield code="a">KU</subfield>
    <subfield code="b">KU</subfield>
    <subfield code="d">2026-05-14</subfield>
    <subfield code="l">0</subfield>
    <subfield code="o">HF5667 .Ab194 2013</subfield>
    <subfield code="p">0000000348</subfield>
    <subfield code="r">2026-05-14 09:48:32</subfield>
    <subfield code="t">1</subfield>
    <subfield code="w">2026-05-14</subfield>
    <subfield code="y">BOOK</subfield>
  </datafield>
  <datafield tag="952" ind1=" " ind2=" ">
    <subfield code="0">0</subfield>
    <subfield code="1">0</subfield>
    <subfield code="2">lcc</subfield>
    <subfield code="4">0</subfield>
    <subfield code="7">0</subfield>
    <subfield code="8">GC</subfield>
    <subfield code="a">KU</subfield>
    <subfield code="b">KU</subfield>
    <subfield code="d">2026-05-14</subfield>
    <subfield code="l">0</subfield>
    <subfield code="o">HF5667 .Ab194 2013 c.2</subfield>
    <subfield code="p">0000000349</subfield>
    <subfield code="r">2026-05-14 09:49:11</subfield>
    <subfield code="t">2</subfield>
    <subfield code="w">2026-05-14</subfield>
    <subfield code="y">BOOK</subfield>
  </datafield>
  <datafield tag="952" ind1=" " ind2=" ">
    <subfield code="0">0</subfield>
    <subfield code="1">0</subfield>
    <subfield code="2">lcc</subfield>
    <subfield code="4">0</subfield>
    <subfield code="7">0</subfield>
    <subfield code="8">GC</subfield>
    <subfield code="a">KU</subfield>
    <subfield code="b">KU</subfield>
    <subfield code="d">2026-05-14</subfield>
    <subfield code="l">0</subfield>
    <subfield code="o">HF5667 .Ab194 2013 c.3</subfield>
    <subfield code="p">0000000350</subfield>
    <subfield code="r">2026-05-14 09:49:34</subfield>
    <subfield code="t">3</subfield>
    <subfield code="w">2026-05-14</subfield>
    <subfield code="y">BOOK</subfield>
  </datafield>
  <datafield tag="952" ind1=" " ind2=" ">
    <subfield code="0">0</subfield>
    <subfield code="1">0</subfield>
    <subfield code="2">lcc</subfield>
    <subfield code="4">0</subfield>
    <subfield code="7">0</subfield>
    <subfield code="8">GC</subfield>
    <subfield code="a">KU</subfield>
    <subfield code="b">KU</subfield>
    <subfield code="d">2026-05-14</subfield>
    <subfield code="l">0</subfield>
    <subfield code="o">HF5667 .Ab194 2013 c.4</subfield>
    <subfield code="p">0000000351</subfield>
    <subfield code="r">2026-05-14 09:49:57</subfield>
    <subfield code="t">4</subfield>
    <subfield code="w">2026-05-14</subfield>
    <subfield code="y">BOOK</subfield>
  </datafield>
  <datafield tag="952" ind1=" " ind2=" ">
    <subfield code="0">0</subfield>
    <subfield code="1">0</subfield>
    <subfield code="2">lcc</subfield>
    <subfield code="4">0</subfield>
    <subfield code="7">0</subfield>
    <subfield code="8">GC</subfield>
    <subfield code="a">KU</subfield>
    <subfield code="b">KU</subfield>
    <subfield code="d">2026-05-14</subfield>
    <subfield code="l">0</subfield>
    <subfield code="o">HF5667 .Ab194 2013 c.5</subfield>
    <subfield code="p">0000000352</subfield>
    <subfield code="r">2026-05-14 09:50:21</subfield>
    <subfield code="t">5</subfield>
    <subfield code="w">2026-05-14</subfield>
    <subfield code="y">BOOK</subfield>
  </datafield>
</record>
